Developing the skills of young ladies for church growth at Agona Akrofonso Church, Ghana / (Record no. 25116)

MARC details
000 -LEADER
fixed length control field 00663nam a22001817a 4500
003 - CONTROL NUMBER IDENTIFIER
control field AUA.1
005 - DATE AND TIME OF LATEST TRANSACTION
control field 20251118153527.0
008 - FIXED-LENGTH DATA ELEMENTS--GENERAL INFORMATION
fixed length control field 250701b |||||||| |||| 00| 0 eng d
040 ## - CATALOGING SOURCE
Transcribing agency JTL
100 ## - MAIN ENTRY--PERSONAL NAME
Personal name Amoako, Emmanuel Kwaku
245 ## - TITLE STATEMENT
Title Developing the skills of young ladies for church growth at Agona Akrofonso Church, Ghana /
Statement of responsibility, etc Emmanuel Kwaku Amoako.
260 ## - PUBLICATION, DISTRIBUTION, ETC. (IMPRINT)
Date of publication, distribution, etc c2023.
300 ## - PHYSICAL DESCRIPTION
Extent viii, 103 leaves :
Other physical details Illustrations :
Dimensions 30cm.
610 ## - SUBJECT ADDED ENTRY--CORPORATE NAME
Corporate name or jurisdiction name as entry element Seventh-day Adventist Church :
Subordinate unit Agona Akrofonso Church
Geographic subdivision Ghana
650 ## - SUBJECT ADDED ENTRY--TOPICAL TERM
Topical term or geographic name as entry element Church growth
650 ## - SUBJECT ADDED ENTRY--TOPICAL TERM
Topical term or geographic name as entry element Church work with women
General subdivision Seventh-day Adventists
942 ## - ADDED ENTRY ELEMENTS (KOHA)
Source of classification or shelving scheme AUA Inhouse Classification
Koha item type Project
Classification part MA PTh
Item part .A46 2023
Holdings
Withdrawn status Lost status Source of classification or shelving scheme Damaged status Not for loan Collection code Home library Current library Shelving location Date acquired Source of acquisition Cost, normal purchase price Serial Enumeration / chronology Total Checkouts Full call number Barcode Date last seen Cost, replacement price Price effective from Koha item type
    Library of Congress Classification     JTL Research Collection Judith Thomas Library Judith Thomas Library Judith Thomas Library Research Section 01/07/2025 Theological Seminary 25.00 AUA27937   MA PTh .A46 2023 AUA27937 01/07/2025 25.00 01/07/2025 Project